England under the hanoverians
Sparad:
| Huvudupphovsman: | |
|---|---|
| Materialtyp: | Bok |
| Språk: | Undetermined |
| Publicerad: |
London
Methuen & Co
1947
|
| Ämnen: | |
| Taggar: |
Lägg till en tagg
Inga taggar, Lägg till första taggen!
|
| Thư viện lưu trữ: | Trung tâm Học liệu Trường Đại học Cần Thơ |
|---|
| LEADER | 00574nam a2200217Ia 4500 | ||
|---|---|---|---|
| 001 | CTU_83963 | ||
| 008 | 210402s9999 xx 000 0 und d | ||
| 082 | |a 942 | ||
| 082 | |b R643 | ||
| 100 | |a Robertson, Charles Grant | ||
| 245 | 0 | |a England under the hanoverians | |
| 245 | 0 | |c Charles Grant Robertson | |
| 260 | |a London | ||
| 260 | |b Methuen & Co | ||
| 260 | |c 1947 | ||
| 650 | |a Hanover, house of,Great Britain | ||
| 650 | |x History | ||
| 650 | |y 1714-1837 | ||
| 904 | |i Tuyen, Qhieu | ||
| 910 | |a Tuyen | ||
| 980 | |a Trung tâm Học liệu Trường Đại học Cần Thơ | ||